[Event "YUG-chT"]
[Site "Tivat"]
[Date "1995.??.??"]
[Round "11"]
[White "Beliavsky, Alexander G"]
[Black "Rublevsky, Sergei"]
[Result "1/2-1/2"]
[WhiteElo "2650"]
[BlackElo "2595"]
[Annotator "Chekhov,V"]
[PlyCount "72"]
[EventDate "1995.??.??"]
[EventType "team-swiss"]
[EventRounds "11"]
[EventCountry "YUG"]
[SourceTitle "CBM 048 Extra"]
[Source "ChessBase"]
[SourceDate "1995.11.01"]
[SourceVersion "1"]
[SourceVersionDate "1995.11.01"]
[SourceQuality "1"]

1. d4 d5 2. c4 dxc4 3. Nf3 Nf6 4. Nc3 c6 5. a4 Bg4 6. Ne5 Bh5 7. f3 Nfd7 8.
Nxc4 e5 9. Ne4 Bb4+ 10. Bd2 Qe7 11. Bxb4 Qxb4+ 12. Qd2 Qxd2+ 13. Kxd2 exd4 14.
Ned6+ Ke7 15. Nf5+ (15. Nxb7 Na6 $1 (15... c5 $6 16. g4 Bg6 17. Bg2 $16) 16. e3
(16. Ra3 Ndc5 17. Nba5 Rac8 18. e3 Rhd8 19. exd4 Rxd4+ 20. Kc3 Rf4 $132 {
Spassov,L-Kolev,A/Albena/1986/0,5/56/}) 16... Ndc5 17. Nxc5 Nxc5 18. Na5 dxe3+
19. Kxe3 Rhe8 20. Bc4 Rad8 $10 {Adorjan,A-Flear,G/Szirak/1986/0|1/38/}) 15...
Kf6 16. Nxd4 Rd8 17. e4 (17. Kc3 $5 Nb6 18. e4 Na6 19. e5+ Ke7 20. Nxb6 axb6
21. Bxa6 Rxa6 22. Nf5+ Kf8 23. Rhd1 $14 {Yuferov,S-Nedochetov,M/Minsk/1994/1|0/
29/}) 17... Nc5 18. Ke3 Rxd4 19. Kxd4 Nb3+ 20. Kc3 Nxa1 21. Be2 Ke7 (21... Nd7
22. Rxa1 Nc5 23. e5+ Ke7 24. g4 Bg6 25. f4 Be4 26. b4 Ne6 27. Rf1 c5 28. Nd6
cxb4+ 29. Kxb4 $14 {Polugaevsky,L-Huebner,R/Tilburg/1985/0,5/31/}) 22. Rxa1 Nd7
23. Rd1 $5 {N/} (23. b4 $5 f6 24. Rd1 Nb6 25. Na5 Nxa4+ 26. Kb3 Nb6 27. Nxb7
Bf7+ 28. Kc3 Rb8 29. Ba6 $14 {Kramnik,V-Damljanovic,B/Moscow/1994/1|0/39/})
23... Nc5 24. Kb4 (24. a5 $5 Rd8 25. Rxd8 Kxd8 26. b4 Ne6 27. Kd2 Kc7 28. Ke3
f6 29. g4 Bf7 30. f4 b6 31. h4 $14) 24... Ne6 25. Nd6 c5+ $1 (25... b6 26. Nf5+
Kf8 27. Rd7 $14) 26. Kc4 Nd4 27. Nf5+ Nxf5 28. exf5 f6 29. Kxc5 Rc8+ 30. Kb4
Rc2 31. Re1 Rxb2+ 32. Kc3 Rb6 33. Bb5+ (33. a5 $5 Rc6+ (33... Rd6 $2 34. Ba6+
Kf8 35. Bxb7 $16) 34. Kb4 Kf8 35. Bc4 (35. Bb5 Rc2 $15) 35... Bf7 $10) 33...
Kf8 34. Rd1 a6 35. Rd8+ Ke7 36. Rd7+ Kf8 (36... Kf8 37. Bc4 (37. Rd8+ $10)
37... Be8 38. a5 Bxd7 39. axb6 Bc6 (39... Bxf5 40. Bxa6 Bc8 41. Bd3 h6 42. Kd4
Ke7 43. Kc5 $14) 40. Kd4 Ke7 41. Kc5 a5 42. Bb5 Bxb5 43. Kxb5 Kd6 44. Kxa5 Kc5
$19) 1/2-1/2

[Event "POL-chT 51st"]
[Site "Lubniewice"]
[Date "1995.??.??"]
[Round "10"]
[White "Krasenkow, Michal"]
[Black "Sapis, Witalis"]
[Result "1-0"]
[WhiteElo "2590"]
[BlackElo "2450"]
[Annotator "Chekhov,V"]
[PlyCount "67"]
[EventDate "1995.09.14"]
[EventType "team-tourn"]
[EventRounds "11"]
[EventCountry "POL"]
[SourceTitle "EXT 1997"]
[Source "ChessBase"]
[SourceDate "1996.11.15"]
[SourceVersion "1"]
[SourceVersionDate "1996.11.15"]
[SourceQuality "1"]
[WhiteTeam "Gorzow Welkopolski"]
[BlackTeam "Legnica Miedz"]
[WhiteTeamCountry "POL"]
[BlackTeamCountry "POL"]

1. Nf3 d5 2. d4 c6 3. c4 Nf6 4. Nc3 dxc4 5. a4 Bg4 6. Ne5 Bh5 7. f3 $1 Nfd7 8.
Nxc4 e5 9. Be3 Bb4 (9... exd4 10. Qxd4 Qf6 11. O-O-O Bg6 12. Qxf6 Nxf6 13. Bf4
Nbd7 14. e4 O-O-O 15. g3 Nc5 16. Bh3+ Ne6 17. Rxd8+ Kxd8 18. Rd1+ Kc8 19. Be3
$16 {Granda Zuniga,J-Gonzalez,L/Ganary/1989/1|0/24/}) (9... Bg6 10. h4 Be7 11.
h5 Bf5 12. dxe5 O-O 13. h6 Na6 14. hxg7 Re8 15. g4 Bg6 16. f4 Nb4 17. Rc1 Nd5
18. Bg2 Nxe3 19. Nxe3 Bh4+ 20. Kf1 Bg3 21. f5 Qb6 22. Qd2 $18 {Sokolov,
I-Hellsten,J/Malme/1995/1|0/24/}) 10. g4 (10. Qb3 $5 Na6 (10... Qe7 11. O-O-O
Bg6 12. dxe5 O-O 13. h4 Nc5 14. Bxc5 Qxc5 15. e4 h5 16. Nd6 Nd7 17. Nxf7 $1 $18
{Tsiolakidis,T-Nachev,E/Primorsko/1989/1|0/22/}) 11. dxe5 O-O 12. g3 Qe7 13. f4
Ndc5 14. Qc2 Bg4 15. Bg2 Qe6 16. Nd2 f6 17. Nce4 Nb3 18. Rd1 Bf5 19. O-O Nxd2
20. Bxd2 fxe5 21. Bxb4 Nxb4 22. Qc5 Na6 23. Qxe5 $16 {Kratochwil,L-Markwald,J/
GER/1991/1|0/57/}) 10... Bg6 11. dxe5 O-O $5 {/N/} (11... Qe7 12. f4 Qh4+ 13.
Bf2 Qxg4 14. Qb3 Na6 15. Nd6+ Bxd6 16. Qxb7 Nb4 17. Qxa8+ Bb8 18. Bc5 Qxf4 19.
Bh3 f5 20. Rf1 Nc2+ 21. Kd1 Ne3+ 22. Bxe3 Qxe3 23. Bxf5 $18 {Granda Zuniga,
J-Nikolic,P/Biel/1993/1|0/31/}) 12. h4 h6 13. h5 (13. Qb3 Na6 14. Bg2 Qe7 15.
f4 Ndc5 16. Qa2 Be4 $146) 13... Bh7 14. g5 $1 hxg5 15. h6 g6 (15... Qe7 16.
hxg7 Kxg7 17. Qd4 Bc5 18. Qg4 $40) (15... gxh6 16. Rxh6 Qe7 17. Qd2 $16) 16.
Rg1 (16. Qd2 $5 Nc5 (16... Qc7 $5) 17. Qxd8 Rxd8 18. Bxg5 Re8 19. Kf2 Nbd7 20.
Bf4 $16) 16... Qe7 (16... Qc7 17. Rxg5 b5 18. Nd6 $6 (18. e6 $1 fxe6 19. axb5
$6 (19. Qd4 e5 (19... Nf6 20. Ne5 c5 21. Qd3 c4 22. Qc2 $40) 20. Nxe5 Bc5 21.
Qe4 Bxe3 22. Rxg6+ Kh8 23. Rg8+ $3 $18) 19... cxb5 20. Qd4 Nf6 21. Rxb5 Nc6 $13
) 18... Nxe5 19. Nde4 Nbd7 20. f4 Nc4 21. Qxd7 Qxd7 22. Nf6+ Kh8 23. Nxd7 Nxe3
24. Nxf8 Nc2+ 25. Kf2 Nxa1 26. Nxh7 Kxh7 27. axb5 f6 (27... cxb5 28. Rxb5 $16)
28. Rg1 Bc5+ (28... cxb5 29. Bg2 $18) 29. e3 Nc2 30. Nd1 cxb5 $132) 17. Rxg5
Rd8 18. Qc2 b5 $6 (18... Qe6 $5 19. Qe4 Na6 $44 20. Qh4 b5) 19. axb5 cxb5 20.
Qe4 bxc4 21. Qxa8 Nxe5 22. Qxa7 $18 Nbd7 23. Qd4 f6 (23... Bc5 $2 24. Rxe5 $1
$18) 24. Rg3 Nc5 (24... Bc5 25. Qd5+ Kh8 26. Bxc5 Nxc5 27. Ra8 Ned3+ 28. Kd1 $1
$18) 25. Ra8 $1 Rxa8 26. Qd5+ Ne6 27. Qxa8+ Nf8 28. Kf2 Bd6 29. Ne4 Bb4 30. Bd4
Kh8 31. f4 Ned7 32. Re3 Qf7 33. Ng5 Qg8 34. Re8 1-0

[Event "SWE-FIN"]
[Site "Nykoping"]
[Date "1989.??.??"]
[Round "1"]
[White "Cramling, Pia"]
[Black "Valkesalmi, Kimmo"]
[Result "1-0"]
[WhiteElo "2480"]
[BlackElo "2395"]
[Annotator "ChessBase"]
[PlyCount "101"]
[EventDate "1989.??.??"]
[EventType "team"]
[EventRounds "2"]
[EventCountry "SWE"]
[SourceTitle "CBM 015"]
[Source "ChessBase"]
[SourceDate "1990.04.01"]
[SourceVersion "1"]
[SourceVersionDate "1990.04.01"]
[SourceQuality "1"]

1. d4 d5 2. c4 c6 3. Nf3 Nf6 4. Nc3 dxc4 5. a4 Na6 6. e4 Bg4 7. Bxc4 e6 8. Be3
Bb4 9. Qd3 Bxf3 10. gxf3 Nc7 11. Rg1 g6 {11... 0-0!?, 11... Nh5 12.0-0-0!?} 12.
O-O-O {12.f4!? /\ f5} Rc8 13. Kb1 O-O 14. Bg5 Be7 15. f4 b5 16. axb5 Nxb5 17.
Nxb5 cxb5 18. Bb3 (18. Bxb5 Qa5 19. d5 Rfd8 $13) 18... Kh8 (18... a5 19. f5 a4
20. fxg6 axb3 (20... hxg6 $2 21. Bxe6 $1 fxe6 22. e5 Nh7 23. Qxg6+ Kh8 24. Bh6
$1 $18) 21. gxh7+ Kh8 22. Bh6 Nh5 23. Qxb3 Qa5 24. Bxf8 Rxf8 25. Qh3 Ra8 26.
Rg8+ $1 $18) 19. Bh6 Rg8 20. f5 gxf5 21. exf5 Qd6 22. fxe6 fxe6 23. Qh3 Rxg1 (
23... Nd5 24. Bc2 Nf6 25. Bg5 $16) 24. Rxg1 Rg8 25. Rxg8+ Nxg8 26. Be3 Nf6 27.
Qxe6 Qxe6 28. Bxe6 Bd6 29. h3 Kg7 30. Kc2 Nh5 31. Bd7 Nf4 (31... a6 {31... b4
32.Kb3} 32. Bc8 a5 33. Bd7 b4 34. Kb3 Nf4 35. Ka4 $18) 32. Bxf4 Bxf4 33. Bxb5
Kf6 34. Kd3 Bc1 35. b3 Bb2 (35... Kf5 $2 36. Kc2 Bf4 37. Bd3+ $18) 36. Ke4 h6
37. Bd7 Ke7 38. Bg4 Kd6 39. f4 Bc1 40. Bf3 Bd2 41. Kf5 Be3 42. Ke4 Bd2 43. Be2
Be1 44. Bc4 Bd2 45. Bg8 Be1 46. Kf5 Bd2 47. Kg4 Be3 48. d5 Bd2 49. Be6 Ke7 50.
f5 Kf6 51. d6 1-0

[Event "YUG-ch36 Final"]
[Site "Borovo"]
[Date "1981.03.02"]
[Round "6"]
[White "Cebalo, Miso"]
[Black "Ivkov, Borislav"]
[Result "1-0"]
[WhiteElo "2510"]
[BlackElo "2540"]
[Annotator "ChessBase"]
[PlyCount "85"]
[EventDate "1981.02.24"]
[EventType "tourn"]
[EventRounds "19"]
[EventCountry "YUG"]
[EventCategory "9"]
[SourceTitle "EXT 1999"]
[Source "ChessBase"]
[SourceDate "1998.11.16"]
[SourceVersion "1"]
[SourceVersionDate "1998.11.16"]
[SourceQuality "1"]

1. c4 c6 2. d4 d5 3. Nf3 Nf6 4. Nc3 dxc4 5. a4 Na6 6. e4 Bg4 7. Bxc4 e6 8. Be3
Bb4 9. Qd3 Bxf3 10. gxf3 Qa5 11. Ke2 Be7 12. Rhg1 g6 13. Rg5 Qb4 14. b3 Nd7 15.
Rgg1 Rd8 16. Qc2 Qa5 17. Na2 Qc7 18. Bxa6 bxa6 19. Rac1 Nb8 20. Qc3 O-O 21. Bh6
Bf6 22. e5 Bg7 23. Be3 Rc8 24. Nb4 a5 25. Nd3 Na6 26. Rc2 Qd8 27. Rgc1 Re8 28.
Qc4 Qb6 29. f4 Bf8 {[#]} 30. f5 Qb7 (30... gxf5 31. Rg1+ Kh8 32. d5 exd5 33.
Qh4 c5 $1 $15 34. Qg3 $2 Qg6 $17 (34... Bh6 $17)) 31. fxe6 fxe6 32. h4 Nb4 33.
Nxb4 Bxb4 34. h5 Qf7 35. Qd3 Rf8 36. Qe4 Be7 37. hxg6 Qxg6 38. Qxg6+ hxg6 39.
Rxc6 Rxc6 40. Rxc6 Rb8 41. Rxe6 Kf7 42. Ra6 Rxb3 43. Rxa7 1-0

[Event "Nanjing Pearl Spring 3rd"]
[Site "Nanjing"]
[Date "2010.10.20"]
[Round "1"]
[White "Topalov, Veselin"]
[Black "Gashimov, Vugar"]
[Result "1/2-1/2"]
[WhiteElo "2803"]
[BlackElo "2719"]
[Annotator "Edouard,R"]
[PlyCount "109"]
[EventDate "2010.10.20"]
[EventType "tourn"]
[EventRounds "10"]
[EventCountry "CHN"]
[EventCategory "21"]
[SourceTitle "CBM 139"]
[Source "ChessBase"]
[SourceDate "2010.11.18"]
[SourceVersion "1"]
[SourceVersionDate "2010.11.18"]
[SourceQuality "1"]
[TimeControl "40/7200:20/3600:900+30"]

1. d4 d5 2. c4 c6 3. Nf3 Nf6 4. Nc3 dxc4 5. a4 e6 6. e3 c5 7. Bxc4 cxd4 8. Qxd4
$5 {This move has been played only three times!} (8. exd4 {is main, of course.}
) 8... Qxd4 9. Nxd4 a6 10. e4 Bc5 (10... Bb4 {was another possibility (though .
..Bc5 seems more logical) and}) (10... Bd7 $146 {is given by the engine at
huge depth.}) 11. Nb3 Bb4 12. f3 Nc6 13. Be3 Bd7 14. Kf2 Rc8 15. Be2 Na5 16.
Nxa5 Bxa5 17. g4 $14 Bc6 {Here I like two other ideas for White.} 18. Rhd1 (18.
Na2 $1 {followed by b4, b5, with some undiscussable advantage, as} Bxa4 $2 {
loses to} 19. Nc1 $18 {and}) (18. g5 $5 Nd7 19. Nb5 axb5 20. axb5 Bxe4 21. Rxa5
Bd5 22. Ra3 $14) 18... Bc7 $1 19. h4 Be5 20. Rac1 O-O 21. b3 Rfd8 22. Rxd8+
Rxd8 23. Nb1 (23. Na2 $5) 23... Be8 24. Rc2 Nd7 25. Nd2 Bd6 26. f4 e5 27. f5
Kf8 28. g5 f6 29. h5 fxg5 30. Bxg5 Be7 31. Bxe7+ Kxe7 32. Ke3 h6 33. Rc7 Rb8 {
Strangely, it is not easy at all to break Black's defense.} 34. a5 Kd8 35. Rc1
Ke7 36. Rg1 (36. b4 Nf6 {is not so easy either.}) 36... Kf8 37. Nc4 Bf7 38. b4
Rc8 39. Nd6 Rc7 40. Nxf7 (40. Rb1 $5 {could just win one tempo, thought I
didn't manage to refute clearly 40...Bg8. I believe there must be a win for
White in the next lines, which I couldn't find shortly enough:} Bg8 41. b5 axb5
42. Rxb5 Nc5 43. Rb6 Bb3 (43... Ke7 $2 44. f6+ $1 gxf6 45. Nf5+ $18) (43... Bf7
44. Nxf7 Kxf7 45. Bc4+ Ke7 46. Bd5 $18) 44. Rb4 $5 (44. Nxb7 $2 Nxb7 $8 45.
Rxb3 Nxa5 46. Rb5 Rc3+ 47. Bd3 Ra3 {is much less precise.}) 44... Ke7 (44...
Bg8 45. Bc4 $18) 45. Nxb7 (45. Nc4 $5 Bxc4 46. Bxc4 Kf6 $8 47. Rb6+ (47. Bd5
Kg5 {maintains some chances.}) 47... Kg5 48. Be2 Kh4 49. Rb1 Nd7 50. Rh1+ Kg5
51. Rg1+ Kf6 52. Bb5 Nf8 53. Kd3 Rc5 54. Rb1 Nh7 {is not easy.}) 45... Nxb7 $8
(45... Rxb7 46. Rxb7+ Nxb7 47. a6 $18) 46. Rxb3 Nxa5 47. Rb5 Rc3+ (47... Nc6
48. Rc5 Kd6 49. Rd5+ Ke7 50. Bb5 $18) 48. Bd3 Nc6 49. Rb7+ Kf8 $8 (49... Kf6
50. Rc7 Rc5 51. Bb1 $1 {followed by Ba2+-.}) 50. Rc7 Rc5 51. Bb1 $1 (51. Kd2
Nd4 52. Rxc5 Nb3+ 53. Kc3 Nxc5 54. Kc4 Nd7 55. Kd5 Ke7 56. Bb5 Nf6+ 57. Kxe5
Nxh5 $11) 51... Rc3+ 52. Kd2 Rb3 53. Rc8+ (53. Bc2 Rb6 54. Bd3 Nb4 55. Bc4 Rc6
56. Rf7+ Ke8 57. Be6 Rc2+ 58. Ke3 Rc3+ 59. Ke2 Rc2+ 60. Kf3 Rc3+ {with the
idea of} 61. Kg4 Nd3 $1 $11) 53... Ke7 54. Rxc6 Rxb1 55. Re6+ Kf7 56. Rxe5 Rb3
{and Black should get a draw.}) 40... Kxf7 41. Rb1 Ke7 42. Rg1 Kf7 43. Rd1 Rc3+
44. Rd3 Rxd3+ 45. Kxd3 Ke7 46. Kc4 Kd6 47. b5 axb5+ 48. Kxb5 Kc7 49. Bf3 Kd6 {
Now, Black holds.} 50. Bd1 Kc7 51. Bc2 Kd6 52. Bb1 Kc7 53. Bc2 Kd6 54. Bb1 Kc7
55. Bc2 1/2-1/2

[Event "EU-ch 15th"]
[Site "Yerevan"]
[Date "2014.03.06"]
[Round "4"]
[White "Shimanov, Aleksandr"]
[Black "Jobava, Baadur"]
[Result "1-0"]
[WhiteElo "2649"]
[BlackElo "2716"]
[Annotator "Ftacnik,L"]
[PlyCount "105"]
[EventDate "2014.03.03"]
[EventType "swiss"]
[EventRounds "11"]
[EventCountry "ARM"]
[SourceTitle "CBM 160"]
[Source "ChessBase"]
[SourceDate "2014.05.15"]
[SourceVersion "1"]
[SourceVersionDate "2014.05.15"]
[SourceQuality "1"]

1. d4 Nf6 2. Nf3 d5 3. c4 c6 4. Nc3 dxc4 5. a4 Bg4 6. Ne5 Bh5 7. f3 Nfd7 8.
Nxc4 e5 9. e4 Qh4+ {Jobava is one of the rare players with a real affinity for
original positions. In his case the courage is married with great knowledge,
but also with a lowered threshold of pain in respect of the opponent's threats.
} (9... exd4 10. Qxd4 Qh4+ 11. g3 Qf6 12. Qxf6 Nxf6 13. Be2 Bc5 14. Bf4 O-O 15.
O-O-O $16 {Bocharov-Fontaine/ACP Christmas Blitz 2006/}) (9... Bb4 10. dxe5 O-O
11. Bf4 $14) (9... f6 10. Be3 Bb4 $14) 10. g3 Qf6 11. dxe5 Qxf3 (11... Nxe5 $2
12. Nxe5 Qxe5 13. g4 Bg6 14. f4 Qe7 15. f5 Qh4+ 16. Kd2 Nd7 17. Kc2 (17. fxg6
O-O-O 18. Kc2 hxg6 19. Bf4 Qf6 20. Be3 Ne5 21. Qe2 Bb4 22. g5 Qe7 23. Bxa7 $18
{Shimanov-Ipatov/Kirishi/2009/}) 17... O-O-O 18. Qe2 Ne5 19. Bf4 $18 {
Leitao-Cubas/Santos/2010/}) 12. Nd6+ Ke7 {The move of the king towards the
centre of the board at such an early stage is not an everyday picture.
Standard chess retreats into the background and opens space for fantasy and
original solutions.} (12... Bxd6 13. Qxd6 Qxh1 $4 (13... Na6 $142 14. Rg1 $14)
14. Bg5 f6 15. exf6 gxf6 16. Bxf6 Nxf6 17. Qe6+ Kf8 18. Qxf6+ Kg8 19. Qd8+ Kf7
20. Qxh8 $18 {Nikolaidis,I-Fontaine/Cannes/2005/}) (12... Kd8 13. Qxf3 Bxf3 14.
Nxf7+ Ke8 15. e6 Nc5 16. Rg1 $5 $14 (16. Bc4 Bxh1 17. Nxh8 Nxe4 18. Nxe4 Bxe4
19. Bg5 h6 20. Bf4 Bd5 21. Bxd5 cxd5 22. O-O-O Nc6 23. Rxd5 Rd8 24. Rb5 b6 25.
Ng6 Rc8 $11 {˝-˝ (29) Sherbakov-Rublevsky/Elista/1994/})) 13. Qb3 (13. Bf4 h6
14. h4 $6 Na6 (14... g5 $142 $1) 15. Rh2 Qxd1+ 16. Nxd1 Nac5 17. Ne3 Ne6 18.
Be2 Bg6 19. Rd1 Ndc5 $6 20. Bf3 (20. Nef5+ Bxf5 21. exf5 Nxf4 22. gxf4 $18)
20... a5 $2 {Szabo,B-Kersic/Pula/2012/}) (13. Bg5+ f6 14. exf6+ gxf6 15. Bf4
Qxd1+ 16. Nxd1 Ne5 17. Nf5+ Kd8 18. Be2 $14) 13... Nxe5 $2 {At a fairytale
like crossroads with three choices Black had a fair chance of getting it wrong
as two of the roads were rotten. The correct choice was to take the rook on h1
as it directly prompts White to look for compensation.} (13... Qxh1 $1 14. Qxb7
Ke6 15. Qb3+ (15. Bf4 Nxe5 16. Bxe5 Bxd6 17. Bxd6 Kxd6 18. Qxa8 Qxh2 19. Qxa7
Qxg3+ 20. Qf2 Qxf2+ 21. Kxf2 Nd7 22. b4 $11) 15... Ke7 16. Qb7 Ke6 17. Qb3+ $11
) (13... Nc5 $2 14. Qc4 Nbd7 (14... Qxh1 $2 15. Qxc5 Qxh2 16. Bg5+ Kd7 17. Bh4
Be7 18. Bxe7 Qxg3+ 19. Kd2 Qh2+ 20. Kc1 $18) 15. Rg1 Kd8 16. Bg5+ Kc7 17. Bf4
g5 18. Bxg5 Ne6 19. Be2 $16) 14. Qxb7+ Kf6 (14... Kxd6 $2 15. Rg1 Ke6 16. Be2
Nd3+ 17. Kd2 Qf2 18. Kxd3 Bxe2+ 19. Nxe2 $16) 15. Rg1 Bxd6 16. Be2 {Black is
now forced to part with his strongest piece and search the best compensation
for it. The unusual position is not easy even for White, but in the end
material advantage plays a significant role.} Nbd7 17. Bxf3 Nc5 $2 (17... Bxf3
18. Qb3 Nc5 19. Qc2 Ncd3+ (19... Rhd8 20. Kf1 Ke7 21. Rg2 Bxg2+ 22. Kxg2 $16)
20. Kf1 Bc5 21. Bf4 Rhd8 22. Na2 $16) 18. Nd5+ $1 {[%mdl 1024] Original motifs
in our game are far from over. If anybody worries about chess falling again
under the threat of death by draws he should take a better look at the
achievement of these two fearless warriors.} cxd5 (18... Ke6 19. Nf4+ Kf6 20.
Nxh5+ Kg6 21. Nf4+ Kf6 22. Nd5+ Ke6 23. Bg4+ Nxg4 24. Nf4+ Bxf4 (24... Kf6 25.
Qxc6) 25. Qxc6+ Bd6 26. Qd5+ Ke7 27. Bf4 $18) 19. Qxd5 Nxf3+ 20. Kf1 Be5 (20...
Bg4 21. Qxd6+ Ne6 22. e5+ Nxe5 23. Bg5+ $18) 21. Qxc5 Rac8 22. Qf2 $6 {People
are still very different from computers when it comes to the choice of moves
and the evaluation of positions. The unusual position was complicating the
search for the best line.} (22. Qe3 $1 Bg4 23. Rg2 Rhd8 24. Bd2 Kg6 25. Bc3 $18
) 22... Bd4 23. Be3 Bxe3 24. Qxe3 Nxh2+ 25. Kg2 $6 {Dancing away from the
pesky black pieces was anything but easy for the white king. The solution of
Shimanov is very risky, it was much better to keep his king on the first rank.}
(25. Ke1 $142 $1 Nf3+ 26. Kf2 Rc2+ 27. Kf1 Nh2+ 28. Ke1 Kg6 (28... Re2+ 29.
Qxe2 Bxe2 30. Kxe2 Rb8 31. Ra2 $16) 29. g4 (29. Rc1 $5) 29... Bxg4 30. e5 $16)
25... Rc2+ 26. Kh3 Bg4+ 27. Kh4 h5 $1 {Many chessplayers would nearly die from
fear and only a few could keep a cool head.} (27... h6 $2 28. Raf1+ Kg6 29. Qd3
Kh7 30. Rxf7 $16) 28. Qg5+ Ke6 29. Qd5+ Ke7 30. Qb7+ Kf8 $6 {Jobava was
probably content with the pressure he had achieved against the enemy king and
thus found it difficlut to guess which continuation was the most promising.
The second crossroads with three choices has failed him again..} (30... Bd7
$142 $1 31. Kg5 (31. Qb4+ $4 Kf6 32. Rgf1+ Kg6 33. g4 hxg4+ 34. Kg3 Nxf1+ 35.
Rxf1 Rh3+ 36. Kf4 f6 $19) 31... Rh6 32. Ra3 f6+ 33. Kf4 Re2 34. Qb4+ Ke8 35.
Qb8+ $11) (30... Kf6 $142 $1 31. Rgf1+ Kg6 32. Qxf7+ Kh6 33. Rf6+ (33. Qf4+ Kh7
34. Rac1 Nf3+ 35. Rxf3 g5+ 36. Kxg5 Rg8+ 37. Kf6 Rf8+ 38. Kg5 Rxf4 39. Rxf4
Rxc1 40. Rf7+ Kg8 41. Rxa7 $11) 33... gxf6 34. Qxf6+ Kh7 35. Qf7+ $11) 31. Kg5
f6+ $2 (31... Nf3+ $1 32. Kf4 Kg8 33. Ke3 Nxg1 34. Rxg1 Kh7 35. Re1 $14) 32.
Kf4 Re2 33. Qb4+ Kg8 (33... Kf7 34. Qc4+ Ke7 35. Qxe2 Bxe2 36. Rg2 g5+ 37. Ke3
Ng4+ 38. Kxe2 Rb8 39. Kd3 $14) 34. Qc4+ Kh7 35. Qxe2 $1 Bxe2 36. Rg2 {The
small combination has again pushed the game closer to the sort of chess which
the majority of population can understand. White will enjoy a spare exchange
so Black needs to look for counterplay.} g5+ 37. Ke3 Ng4+ (37... Bg4 38. Rxh2
Rb8 39. Rc1 $18) 38. Kxe2 Rb8 39. Kd3 a5 {The slowing down of White's pawns
makes a logical impression. Unfortunately for the defender he was not able to
be consequent because of the time trouble.} (39... Rb4 40. Kc3 Rxe4 (40... a5
41. Re2 Kg6 42. b3 h4 43. gxh4 gxh4 44. Rf1 h3 45. Rf4 Kh5 46. Rf5+ Kh4 47. Rb5
f5 48. Rxb4 axb4+ 49. Kd2 f4 50. a5 f3 51. Re1) 41. b4 Kg6 42. b5 Re3+ 43. Kd4
Re7 44. a5 Ne3 45. Rb2 $16) 40. Kc3 Kg6 (40... Rc8+ $142 $1 41. Kd4 Ne5 $14)
41. b3 $1 Rc8+ 42. Kb2 Re8 43. Re1 Ne5 44. Rd1 Nf3 45. Rd5 {Shimanov very
correctly rushes with the creation of the passed pawn, since the enemy knight
is suffering due to the restrictions of its nature. It can take part in the
attack or the defence, but unlike long range pieces it surely can't do both.}
Rxe4 (45... Ra8 46. b4 axb4 47. Kb3 Ne5 48. a5 Nc6 49. Ra2 Ra6 50. Ka4 $18) 46.
Rxa5 h4 (46... Rg4 47. Rd5 h4 48. a5 h3 (48... Rxg3 49. Rxg3 hxg3 50. a6 g2 51.
Rd1 $18) 49. Re2 h2 50. Rxh2 Nxh2 51. a6 Re4 52. a7 Re8 53. b4 $18) 47. gxh4
Nxh4 48. Rc2 g4 (48... Re7 49. Ra8 Rg7 50. Rh8 Nf3 51. b4 g4 52. a5 Kf5 53. a6
g3 54. Rg2 Ne1 55. Rg1 Nf3 56. Rxg3 Rxg3 57. a7 Rg2+ 58. Kc3 Ra2 59. a8=Q $18)
49. Ra8 Kf5 50. a5 g3 51. Rg8 {The pawn has been stopped and the location of
the knight on h4 is exceedingly modest.} Re5 (51... Rg4 52. Rxg4 Kxg4 53. a6
$18) 52. b4 g2 (52... Re4 53. Rc5+ Kf4 54. a6 Rxb4+ 55. Kc3 Rb1 56. a7 Ra1 57.
a8=Q Rxa8 58. Rxa8 g2 59. Rg8 Kf3 60. Rh5 $18) 53. a6 (53. a6 Re7 54. Rf2+ $18)
1-0